[Event "Titled Tuesday intern op 25th Jul Early"]
[Site "Chess.com INT"]
[Date "2023.07.25"]
[Round "1"]
[White "Girinath, PDS"]
[Black "Baziuk, Vladyslav"]
[Result "0-1"]
[WhiteElo "2311"]
[BlackElo "2201"]
[PlyCount "94"]
[EventDate "2023.07.25"]
[EventType "swiss (blitz)"]
[EventRounds "11"]
[EventCountry "USA"]
[SourceTitle "EXT 2024"]
[Source "ChessBase"]
[SourceDate "2023.10.10"]
[SourceVersion "1"]
[SourceVersionDate "2023.10.10"]
[SourceQuality "1"]

1. e4 c6 2. d3 d5 3. Nd2 e5 4. Ngf3 Bd6 5. g3 Nf6 6. Bg2 0-0 7. 0-0 Re8 8. b3 Bg4 9. h3 Bh5 10. Bb2 Nbd7 11. Qe1 a5 12. a3 Qc7 13. Nh4 a4 14. b4 Rad8 15. c4 dxe4 16. dxe4 c5 17. b5 Nb6 18. g4 Bg6 19. Qe2 Bf8 20. Rad1 Rd7 21. Nxg6 hxg6 22. Nb1 Red8 23. Nc3 Rxd1 24. Rxd1 Rxd1+ 25. Nxd1 Ne8 26. Ne3 f6 27. Qc2 Nd6 28. Bf1 Qf7 29. Bd3 Qe6 30. Bc3 Kf7 31. Ba5 Nd7 32. Bc7 Qe8 33. Bxd6 Bxd6 34. Qxa4 Nf8 35. Qa7 Qd7 36. Nd5 Ne6 37. a4 Nf4 38. Bf1 f5 39. exf5 gxf5 40. Nxf4 exf4 41. g5 f3 42. a5 Kg6 43. a6 Qe6 44. Qxb7 Qe5 45. Bg2 Qe1+ 46. Bf1 Bh2+ 47. Kxh2 Qxf2+ 0-1

[Event "Titled Tuesday intern op 25th Jul Early"]
[Site "Chess.com INT"]
[Date "2023.07.25"]
[Round "3"]
[White "Girinath, PDS"]
[Black "Przybylski, Wojciech"]
[Result "1-0"]
[WhiteElo "2311"]
[BlackElo "2308"]
[PlyCount "145"]
[EventDate "2023.07.25"]
[EventType "swiss (blitz)"]
[EventRounds "11"]
[EventCountry "USA"]
[SourceTitle "EXT 2024"]
[Source "ChessBase"]
[SourceDate "2023.10.10"]
[SourceVersion "1"]
[SourceVersionDate "2023.10.10"]
[SourceQuality "1"]

1. e4 c5 2. Nf3 d6 3. Bb5+ Bd7 4. Bxd7+ Qxd7 5. 0-0 Nf6 6. e5 dxe5 7. Nxe5 Qc7 8. d4 cxd4 9. Bf4 Qb6 10. Na3 Nbd7 11. Nac4 Qc5 12. Re1 e6 13. Qf3 Nxe5 14. Nxe5 Qd5 15. Qh3 Be7 16. c4 Qd8 17. Nxf7 Kxf7 18. Qxe6+ Kf8 19. c5 Bxc5 20. Rac1 Qd7 21. Rxc5 Qxe6 22. Rxe6 Rd8 23. Rc7 d3 24. Bd2 Ne8 25. Rxb7 h6 26. Ree7 Kg8 27. Kf1 Kh7 28. Ke1 Rf8 29. Bc3 h5 30. f3 Rf5 31. Bxg7 d2+ 32. Kd1 Rg5 33. Bf6+ Kg6 34. Bxg5 Kxg5 35. Re2 Nd6 36. Rb4 Nf5 37. Rxd2 Re8 38. Rd5 Kg6 39. Kd2 a5 40. Rxa5 Rd8+ 41. Kc3 Rc8+ 42. Kb3 Ne3 43. Ra6+ Kf7 44. Rb7+ Kg8 45. Rab6 Rc5 46. Rb8+ Kf7 47. R8b7+ Kg8 48. Ra7 Rc8 49. Rbb7 Nf5 50. Rc7 Rb8+ 51. Ka3 Re8 52. b4 Nd6 53. Ka4 Rb8 54. Rd7 Nc4 55. Rdb7 Re8 56. Kb5 Nd6+ 57. Kc6 Nf5 58. Rd7 Re6+ 59. Kc5 Re8 60. Kc4 Rc8+ 61. Kb3 Re8 62. a4 Ne3 63. Kc3 Nf5 64. b5 Rc8+ 65. Kb4 Rb8 66. Ka5 Rf8 67. Ka6 Re8 68. b6 Ne3 69. a5 h4 70. Rac7 h3 71. gxh3 Nf5 72. b7 Ra8+ 73. bxa8Q# 1-0

[Event "Titled Tuesday intern op 25th Jul Early"]
[Site "Chess.com INT"]
[Date "2023.07.25"]
[Round "10"]
[White "Ilkhomi, Jaloliddin"]
[Black "Girinath, PDS"]
[Result "1-0"]
[WhiteElo "2219"]
[BlackElo "2311"]
[PlyCount "69"]
[EventDate "2023.07.25"]
[EventType "swiss (blitz)"]
[EventRounds "11"]
[EventCountry "USA"]
[SourceTitle "EXT 2024"]
[Source "ChessBase"]
[SourceDate "2023.10.10"]
[SourceVersion "1"]
[SourceVersionDate "2023.10.10"]
[SourceQuality "1"]

1. d4 f5 2. Nf3 Nf6 3. c4 e6 4. Nc3 Be7 5. g3 0-0 6. Bg2 d6 7. 0-0 a5 8. Qc2 Nc6 9. e4 fxe4 10. Nxe4 e5 11. dxe5 dxe5 12. Nxf6+ Bxf6 13. Be3 Nd4 14. Nxd4 exd4 15. Rad1 c5 16. Bf4 Bg4 17. Bd5+ Kh8 18. f3 Bh3 19. Rfe1 Qd7 20. Qb3 g5 21. Be5 Rae8 22. Bxf6+ Rxf6 23. Bxb7 Rxe1+ 24. Rxe1 Re6 25. Be4 d3 26. Qc3+ Qd4+ 27. Qxd4+ cxd4 28. Rd1 g4 29. Rxd3 gxf3 30. Rxd4 Rb6 31. b3 a4 32. Rd3 axb3 33. Rxb3 Re6 34. Bxf3 Re1+ 35. Kf2 1-0

[Event "Titled Tuesday intern op 16th Aug Early"]
[Site "Chess.com INT"]
[Date "2022.08.16"]
[Round "3"]
[White "Gabdrakhmanov, Azat"]
[Black "Girinath, PDS"]
[Result "1-0"]
[WhiteElo "2319"]
[BlackElo "2311"]
[PlyCount "105"]
[EventDate "2022.08.16"]
[EventType "swiss (blitz)"]
[EventRounds "11"]
[EventCountry "USA"]
[SourceTitle "EXT 2023"]
[Source "ChessBase"]
[SourceDate "2022.10.05"]
[SourceVersion "1"]
[SourceVersionDate "2022.10.05"]
[SourceQuality "1"]

1. e4 e6 2. d4 d5 3. e5 c5 4. c3 Nc6 5. Nf3 Nh6 6. a3 f6 7. Bb5 Nf7 8. Bf4 Bd7 9. Bxc6 Bxc6 10. exf6 gxf6 11. 0-0 Bd6 12. Qd2 Qc7 13. Bxd6 Qxd6 14. dxc5 Qxc5 15. Nd4 e5 16. b4 Qb6 17. Nxc6 Qxc6 18. Qd3 0-0-0 19. Nd2 Rhg8 20. g3 Kb8 21. Rad1 d4 22. cxd4 Ng5 23. h4 Rxd4 24. Qb3 Ne6 25. b5 Qd5 26. Qxd5 Rxd5 27. Ne4 Rxb5 28. Nxf6 Rg7 29. Rd6 Nd4 30. Kg2 a6 31. Rc1 Ka7 32. Ne4 Nf5 33. Rd3 Nxh4+ 34. Kf1 Nf5 35. Kg2 Ra5 36. Rc8 Nd4 37. Re8 Rc7 38. Nf6 Rc2 39. Ng4 Nc6 40. Re3 Ra4 41. Nxe5 Nxe5 42. R8xe5 Ra2 43. Re7 R2xa3 44. Rxa3 Rxa3 45. Rxh7 a5 46. g4 a4 47. g5 Rc3 48. g6 Rc8 49. f4 a3 50. Rh1 Kb6 51. Ra1 Rf8 52. Kg3 Rg8 53. f5 1-0

[Event "Titled Tuesday intern op 16th Aug Early"]
[Site "Chess.com INT"]
[Date "2022.08.16"]
[Round "7"]
[White "Girinath, PDS"]
[Black "Blanco Ronquillo, Humberto L"]
[Result "1-0"]
[WhiteElo "2311"]
[BlackElo "2442"]
[PlyCount "71"]
[EventDate "2022.08.16"]
[EventType "swiss (blitz)"]
[EventRounds "11"]
[EventCountry "USA"]
[SourceTitle "EXT 2023"]
[Source "ChessBase"]
[SourceDate "2022.10.05"]
[SourceVersion "1"]
[SourceVersionDate "2022.10.05"]
[SourceQuality "1"]

1. e4 c5 2. Nf3 Nc6 3. Bb5 Nf6 4. e5 Nd5 5. Nc3 Nc7 6. Bxc6 dxc6 7. d3 g6 8. h3 Bg7 9. 0-0 0-0 10. Be3 Ne6 11. Qd2 Nd4 12. Bxd4 cxd4 13. Ne4 Be6 14. Qb4 Bd5 15. Qxd4 Qc7 16. Rfe1 Rfd8 17. Qc3 b6 18. d4 Rac8 19. Qe3 Qb7 20. Rad1 Qa6 21. a3 Qa4 22. b3 Qxa3 23. Nc3 Qb2 24. Rd2 Be6 25. Na4 Qa3 26. Ng5 Bd5 27. Nc3 Bh6 28. f4 e6 29. Nce4 Bxg5 30. Nxg5 c5 31. c4 Bb7 32. d5 exd5 33. e6 Qa5 34. exf7+ Kf8 35. Qe7+ Kg7 36. f8Q# 1-0

[Event "Titled Tuesday intern op 16th Aug Early"]
[Site "Chess.com INT"]
[Date "2022.08.16"]
[Round "2"]
[White "Girinath, PDS"]
[Black "Broca Jimenez, Fernando"]
[Result "1-0"]
[WhiteElo "2311"]
[BlackElo "2075"]
[PlyCount "89"]
[EventDate "2022.08.16"]
[EventType "swiss (blitz)"]
[EventRounds "11"]
[EventCountry "USA"]
[SourceTitle "EXT 2023"]
[Source "ChessBase"]
[SourceDate "2022.10.05"]
[SourceVersion "1"]
[SourceVersionDate "2022.10.05"]
[SourceQuality "1"]

1. e4 c5 2. Nf3 g6 3. c3 Bg7 4. d4 cxd4 5. cxd4 d5 6. exd5 Bg4 7. Nc3 a6 8. Be2 Nf6 9. Qb3 0-0 10. h3 Bxf3 11. Bxf3 b5 12. a4 Nbd7 13. axb5 axb5 14. Rxa8 Qxa8 15. Qxb5 Rb8 16. Qe2 Nb6 17. d6 Qa7 18. dxe7 Re8 19. 0-0 Rxe7 20. Qb5 h6 21. d5 Nbd7 22. d6 Re5 23. Qc6 Bf8 24. Be3 Qb8 25. Rd1 Re6 26. Nb5 Ne5 27. Qb6 Nxf3+ 28. gxf3 Qxb6 29. Bxb6 Nd7 30. Bc7 f5 31. b4 Kf7 32. Nd4 Re8 33. b5 Bg7 34. b6 Bxd4 35. Rxd4 Ke6 36. Kg2 Rc8 37. b7 Re8 38. Ra4 Nb8 39. Ra8 Kd7 40. Rxb8 Re1 41. Rd8+ Ke6 42. b8Q Rc1 43. Re8+ Kf6 44. Qd8+ Kf7 45. Qe7# 1-0

[Event "Titled Tuesday intern op 16th Aug Early"]
[Site "Chess.com INT"]
[Date "2022.08.16"]
[Round "4"]
[White "Girinath, PDS"]
[Black "Schut, Han"]
[Result "1-0"]
[WhiteElo "2311"]
[BlackElo "2101"]
[PlyCount "73"]
[EventDate "2022.08.16"]
[EventType "swiss (blitz)"]
[EventRounds "11"]
[EventCountry "USA"]
[SourceTitle "EXT 2023"]
[Source "ChessBase"]
[SourceDate "2022.10.05"]
[SourceVersion "1"]
[SourceVersionDate "2022.10.05"]
[SourceQuality "1"]

1. e4 c5 2. Nf3 d6 3. Bb5+ Bd7 4. Bxd7+ Qxd7 5. 0-0 g6 6. c3 Bg7 7. d4 cxd4 8. cxd4 Nf6 9. Nc3 d5 10. e5 Ne4 11. Nxe4 dxe4 12. Ng5 Nc6 13. Be3 Rd8 14. Nxe4 Nxd4 15. Bxd4 Qxd4 16. Nd6+ Rxd6 17. exd6 Qxd6 18. Qa4+ Qc6 19. Qxc6+ bxc6 20. Rfd1 c5 21. Rac1 Bd4 22. b4 e5 23. bxc5 Kd7 24. c6+ Kc7 25. Kf1 Rb8 26. f4 f6 27. fxe5 fxe5 28. Ke2 Rb2+ 29. Kd3 Rxa2 30. Rf1 Rf2 31. Rxf2 Bxf2 32. Ke4 Bd4 33. Kd5 a5 34. Rb1 a4 35. Rb7+ Kc8 36. Rxh7 a3 37. Kd6 1-0

[Event "Titled Tuesday intern op 16th Aug Early"]
[Site "Chess.com INT"]
[Date "2022.08.16"]
[Round "6"]
[White "Girinath, PDS"]
[Black "Sovetbekova, Nurai"]
[Result "1-0"]
[WhiteElo "2311"]
[BlackElo "1912"]
[PlyCount "47"]
[EventDate "2022.08.16"]
[EventType "swiss (blitz)"]
[EventRounds "11"]
[EventCountry "USA"]
[SourceTitle "EXT 2023"]
[Source "ChessBase"]
[SourceDate "2022.10.05"]
[SourceVersion "1"]
[SourceVersionDate "2022.10.05"]
[SourceQuality "1"]

1. e4 c5 2. Nf3 d6 3. Bb5+ Nd7 4. 0-0 a6 5. Bxd7+ Bxd7 6. d4 cxd4 7. Qxd4 Nf6 8. c4 g6 9. Nc3 Bg7 10. Bg5 0-0 11. Qd2 Bc6 12. Rfe1 Qb6 13. Rad1 Rac8 14. b3 Qc7 15. Bh6 Rfe8 16. Bxg7 Kxg7 17. Nd4 Qd7 18. a4 Red8 19. Qg5 Qg4 20. Nf5+ Kf8 21. Qh6+ Ke8 22. f3 Ng8 23. Qe3 gxf5 24. fxg4 1-0

[Event "Titled Tuesday intern op 02nd Aug Early"]
[Site "Chess.com INT"]
[Date "2022.08.02"]
[Round "2"]
[White "Wernberg, Hugo"]
[Black "Girinath, PDS"]
[Result "0-1"]
[WhiteElo "2257"]
[BlackElo "2311"]
[PlyCount "40"]
[EventDate "2022.08.02"]
[EventType "swiss (blitz)"]
[EventRounds "11"]
[EventCountry "USA"]
[SourceTitle "EXT 2023"]
[Source "ChessBase"]
[SourceDate "2022.10.05"]
[SourceVersion "1"]
[SourceVersionDate "2022.10.05"]
[SourceQuality "1"]

1. c4 e5 2. Nc3 Nf6 3. Nf3 Nc6 4. e4 Bc5 5. Nxe5 Nxe5 6. d4 Bd6 7. dxe5 Bxe5 8. Bd2 0-0 9. Bd3 Re8 10. 0-0 d6 11. Qc2 c6 12. Ne2 d5 13. cxd5 cxd5 14. Bb5 Bd7 15. Bxd7 Qxd7 16. f4 Bc7 17. e5 Bb6+ 18. Kh1 Ne4 19. g3 Qh3 20. Be1 f6 0-1

[Event "Titled Tuesday intern op 26th Jul Early"]
[Site "Chess.com INT"]
[Date "2022.07.26"]
[Round "2"]
[White "Girinath, PDS"]
[Black "Horcajuelo Rocamora, Martin"]
[Result "1/2-1/2"]
[WhiteElo "2333"]
[BlackElo "2107"]
[PlyCount "87"]
[EventDate "2022.07.26"]
[EventType "swiss (blitz)"]
[EventRounds "11"]
[EventCountry "USA"]
[SourceTitle "EXT 2023"]
[Source "ChessBase"]
[SourceDate "2022.10.05"]
[SourceVersion "1"]
[SourceVersionDate "2022.10.05"]
[SourceQuality "1"]

1. e4 e5 2. Nf3 Nc6 3. Bc4 Nf6 4. 0-0 Bc5 5. d4 Nxd4 6. Nxe5 0-0 7. Nd3 Bb6 8. e5 d5 9. exf6 dxc4 10. fxg7 Re8 11. Nf4 Bf5 12. Na3 Qg5 13. Nd5 Qxg7 14. Nxb6 axb6 15. Bh6 Ne2+ 16. Qxe2 Rxe2 17. Bxg7 Kxg7 18. Nxc4 Bxc2 19. Ne3 Bg6 20. Rfc1 c6 21. Nc4 b5 22. Nd6 Rxb2 23. Nxb7 Raxa2 24. Rxa2 Rxa2 25. f3 Rc2 26. Rxc2 Bxc2 27. Kf2 b4 28. Na5 b3 29. Nc4 c5 30. Ke3 Kf6 31. Kd2 Kf5 32. Kc3 Kf4 33. Nd2 Ke3 34. g3 Bd1 35. f4 Kf2 36. Ne4+ Kg2 37. Nxc5 Kxh2 38. g4 Kg3 39. Nd3 Bc2 40. Ne5 f6 41. Nd7 Kxg4 42. Nxf6+ Kxf4 43. Nxh7 Bxh7 44. Kxb3 1/2-1/2

[Event "Titled Tuesday intern op 26th Jul Early"]
[Site "Chess.com INT"]
[Date "2022.07.26"]
[Round "5"]
[White "Nathan, Nitish"]
[Black "Girinath, PDS"]
[Result "0-1"]
[WhiteElo "1791"]
[BlackElo "2333"]
[PlyCount "56"]
[EventDate "2022.07.26"]
[EventType "swiss (blitz)"]
[EventRounds "11"]
[EventCountry "USA"]
[SourceTitle "EXT 2023"]
[Source "ChessBase"]
[SourceDate "2022.10.05"]
[SourceVersion "1"]
[SourceVersionDate "2022.10.05"]
[SourceQuality "1"]

1. d4 e6 2. Bf4 f5 3. e3 Nf6 4. Nf3 g6 5. h3 Bg7 6. Bc4 d6 7. 0-0 Qe7 8. Bb3 Nc6 9. c4 e5 10. Bh2 e4 11. Nfd2 0-0 12. c5+ d5 13. Nc3 Be6 14. Bf4 Rad8 15. a3 Nh5 16. Bh2 Kh8 17. g3 f4 18. gxf4 Bxh3 19. Re1 Rf5 20. Kh1 Qh4 21. Qe2 Bg4 22. Qf1 Nxd4 23. exd4 Nxf4 24. Bd1 Bh3 25. Qg1 Bg2+ 26. Qxg2 Nxg2 27. Kxg2 Rxf2+ 28. Kh1 Qxh2# 0-1

[Event "Titled Tuesday intern op 19th Jul Early"]
[Site "Chess.com INT"]
[Date "2022.07.19"]
[Round "10"]
[White "Girinath, PDS"]
[Black "Dimitrov, Atanas Valtchev"]
[Result "0-1"]
[WhiteElo "2333"]
[BlackElo "2269"]
[PlyCount "76"]
[EventDate "2022.07.19"]
[EventType "swiss (blitz)"]
[EventRounds "11"]
[EventCountry "USA"]
[SourceTitle "EXT 2023"]
[Source "ChessBase"]
[SourceDate "2022.10.05"]
[SourceVersion "1"]
[SourceVersionDate "2022.10.05"]
[SourceQuality "1"]

1. e4 c5 2. Nf3 d6 3. Bb5+ Bd7 4. Bxd7+ Nxd7 5. 0-0 Ngf6 6. Qe2 e6 7. c4 Be7 8. d4 cxd4 9. Nxd4 0-0 10. Nc3 Rc8 11. b3 a6 12. Bb2 Ne5 13. Rad1 Qc7 14. Kh1 Rfd8 15. f4 Nc6 16. Nf3 Nd7 17. Nd5 exd5 18. exd5 Bf6 19. Bxf6 Nxf6 20. dxc6 bxc6 21. Nd4 Re8 22. Qf3 d5 23. cxd5 cxd5 24. Qd3 Qb6 25. Nf5 Ne4 26. Qd4 Qxd4 27. Nxd4 g6 28. Kg1 Nc3 29. Rd2 Re4 30. Nf3 Rxf4 31. Re1 Re4 32. Rxe4 dxe4 33. Nd4 Nd5 34. Re2 e3 35. g3 Re8 36. Kg2 Nc3 37. Rc2 e2 38. Nxe2 Nxe2 0-1

[Event "Titled Tuesday intern op 19th Jul Early"]
[Site "Chess.com INT"]
[Date "2022.07.19"]
[Round "7"]
[White "Girinath, PDS"]
[Black "Tanenbaum, Zachary Chen"]
[Result "0-1"]
[WhiteElo "2333"]
[BlackElo "2168"]
[PlyCount "68"]
[EventDate "2022.07.19"]
[EventType "swiss (blitz)"]
[EventRounds "11"]
[EventCountry "USA"]
[SourceTitle "EXT 2023"]
[Source "ChessBase"]
[SourceDate "2022.10.05"]
[SourceVersion "1"]
[SourceVersionDate "2022.10.05"]
[SourceQuality "1"]

1. e4 e5 2. Nf3 Nc6 3. Bb5 a6 4. Ba4 d6 5. 0-0 Nf6 6. d4 b5 7. Bb3 Nxd4 8. Nxd4 exd4 9. c3 dxc3 10. Nxc3 Be7 11. a4 b4 12. Nd5 Bb7 13. Re1 a5 14. Bg5 0-0 15. Nxe7+ Qxe7 16. Rc1 c5 17. Bd5 Rab8 18. Qf3 h6 19. Bh4 Rfe8 20. Rcd1 Bxd5 21. Rxd5 Rb6 22. Rf5 d5 23. e5 Qe6 24. Bxf6 gxf6 25. Re3 fxe5 26. Rfxe5 Qxe5 27. Rxe5 Rxe5 28. Qg3+ Rg5 29. Qc7 Re6 30. g3 d4 31. Qxa5 Rd6 32. Qa8+ Kg7 33. a5 d3 34. Qb8 Rgd5 0-1

[Event "Titled Tuesday intern op 19th Jul Early"]
[Site "Chess.com INT"]
[Date "2022.07.19"]
[Round "1"]
[White "Pichot, Alan"]
[Black "Girinath, PDS"]
[Result "1-0"]
[WhiteElo "2647"]
[BlackElo "2333"]
[PlyCount "77"]
[EventDate "2022.07.19"]
[EventType "swiss (blitz)"]
[EventRounds "11"]
[EventCountry "USA"]
[SourceTitle "EXT 2023"]
[Source "ChessBase"]
[SourceDate "2022.10.05"]
[SourceVersion "1"]
[SourceVersionDate "2022.10.05"]
[SourceQuality "1"]

1. c4 f5 2. Nc3 Nf6 3. d4 e6 4. Nf3 Be7 5. Bg5 0-0 6. Bxf6 Bxf6 7. e3 d6 8. Be2 e5 9. 0-0 c6 10. Rc1 Qe7 11. b4 e4 12. Nd2 Kh8 13. a4 Be6 14. b5 Nd7 15. Nb3 c5 16. a5 Rac8 17. Qd2 cxd4 18. Nxd4 Bxd4 19. Qxd4 Nc5 20. Nd5 Qf7 21. Rcd1 Rfd8 22. Nf4 Nb3 23. Qxa7 Bxc4 24. Bxc4 Qxc4 25. Qxb7 Nxa5 26. Qb6 Nb3 27. Rxd6 Rxd6 28. Qxd6 Qxb5 29. Rd1 h6 30. Qe6 Re8 31. Qf7 Nd2 32. h4 Nc4 33. Rd7 Rg8 34. Ng6+ Kh7 35. Ne7 Ra8 36. Nxf5 Ra1+ 37. Kh2 Qe5+ 38. g3 Rf1 39. Kg2 1-0

[Event "Titled Tuesday intern op 12th Jul Early"]
[Site "Chess.com INT"]
[Date "2022.07.12"]
[Round "4"]
[White "Girinath, PDS"]
[Black "Altman, Joshua"]
[Result "1-0"]
[WhiteElo "2333"]
[BlackElo "2162"]
[PlyCount "165"]
[EventDate "2022.07.12"]
[EventType "swiss (blitz)"]
[EventRounds "11"]
[EventCountry "USA"]
[SourceTitle "EXT 2023"]
[Source "ChessBase"]
[SourceDate "2022.10.05"]
[SourceVersion "1"]
[SourceVersionDate "2022.10.05"]
[SourceQuality "1"]

1. e4 e6 2. d4 d5 3. Nc3 Nf6 4. e5 Nfd7 5. f4 c5 6. Nf3 Nc6 7. Be3 a6 8. Qd2 b5 9. dxc5 Bxc5 10. Bd3 Qb6 11. Bf2 Bxf2+ 12. Qxf2 Qxf2+ 13. Kxf2 Nc5 14. a4 b4 15. Ne2 Ke7 16. Ned4 Nxd4 17. Nxd4 Bd7 18. a5 g6 19. Ke3 h5 20. Nb3 Rhc8 21. Nd4 Rc7 22. g3 Rb8 23. h3 b3 24. c3 Bc8 25. g4 h4 26. Rhf1 Bd7 27. f5 gxf5 28. gxf5 exf5 29. Bxf5 Be6 30. Rf4 Rg8 31. Bg4 Bxg4 32. hxg4 Ne6 33. Nxe6 Kxe6 34. Rh1 Rh8 35. Rf6+ Kxe5 36. Rxa6 Rc4 37. g5 Ra4 38. Rh6 Rg8 39. R1xh4 Rxa5 40. R6h5 Rg6 41. Rf4 Ra2 42. Rxf7 Rxb2 43. Re7+ Kf5 44. Rb7 Rb1 45. Kd2 Rxg5 46. Rxg5+ Kxg5 47. Rd7 b2 48. Kc2 Re1 49. Rxd5+ Kf4 50. Kxb2 Re2+ 51. Kb3 Ke4 52. c4 Re1 53. Kb4 Rb1+ 54. Kc5 Rc1 55. Rd8 Ke5 56. Re8+ Kf5 57. Re2 Kf6 58. Kd5 Rd1+ 59. Kc6 Rc1 60. c5 Kf7 61. Kd6 Rd1+ 62. Kc7 Rc1 63. c6 Rc4 64. Kd7 Rd4+ 65. Kc8 Rc4 66. c7 Rc5 67. Rb2 Ke7 68. Kb7 Kd7 69. Rd2+ Ke7 70. c8Q Rxc8 71. Kxc8 Kf7 72. Kc7 Kg7 73. Kd6 Kh7 74. Ke5 Kg7 75. Rd6 Kf7 76. Re6 Kg7 77. Kf5 Kf7 78. Re5 Kg7 79. Re7+ Kf8 80. Kf6 Kg8 81. Kg6 Kf8 82. Re6 Kg8 83. Re8# 1-0

[Event "Titled Tuesday intern op 12th Jul Early"]
[Site "Chess.com INT"]
[Date "2022.07.12"]
[Round "7"]
[White "Girinath, PDS"]
[Black "Pajeken, Jakob Leon"]
[Result "1-0"]
[WhiteElo "2333"]
[BlackElo "2434"]
[PlyCount "39"]
[EventDate "2022.07.12"]
[EventType "swiss (blitz)"]
[EventRounds "11"]
[EventCountry "USA"]
[SourceTitle "EXT 2023"]
[Source "ChessBase"]
[SourceDate "2022.10.05"]
[SourceVersion "1"]
[SourceVersionDate "2022.10.05"]
[SourceQuality "1"]

1. e4 e5 2. Nf3 Nc6 3. Bb5 a6 4. Ba4 Nf6 5. Bxc6 dxc6 6. Qe2 Be7 7. d3 Nd7 8. Nbd2 0-0 9. Nc4 Bf6 10. h4 Qe7 11. g4 g6 12. h5 g5 13. h6 Nc5 14. Be3 b5 15. Na5 Bxg4 16. 0-0-0 Ne6 17. Rdg1 Bxf3 18. Qxf3 Nd8 19. Rh5 Kh8 20. Bc5 1-0

[Event "Titled Tuesday intern op 12th Jul Early"]
[Site "Chess.com INT"]
[Date "2022.07.12"]
[Round "9"]
[White "Ladopoulos, Dimitrios"]
[Black "Girinath, PDS"]
[Result "0-1"]
[WhiteElo "2335"]
[BlackElo "2333"]
[PlyCount "56"]
[EventDate "2022.07.12"]
[EventType "swiss (blitz)"]
[EventRounds "11"]
[EventCountry "USA"]
[SourceTitle "EXT 2023"]
[Source "ChessBase"]
[SourceDate "2022.10.05"]
[SourceVersion "1"]
[SourceVersionDate "2022.10.05"]
[SourceQuality "1"]

1. Nf3 e6 2. d4 f5 3. g3 Nf6 4. Bg2 Be7 5. 0-0 0-0 6. c4 d6 7. Nc3 a5 8. Qc2 Nc6 9. Rd1 Qe8 10. Nb5 Bd8 11. Bf4 e5 12. dxe5 dxe5 13. Be3 Qh5 14. Bc5 Re8 15. h4 h6 16. b3 f4 17. Rxd8 Rxd8 18. Nxc7 Bf5 19. Qb2 Rac8 20. Nb5 e4 21. Ne5 e3 22. gxf4 Nxe5 23. Qxe5 Ng4 24. Bd5+ Kh8 25. Qe7 Re8 26. Qd6 Rxc5 27. Qxc5 Qxh4 28. Bg2 exf2+ 0-1

[Event "Titled Tuesday intern op 12th Jul Early"]
[Site "Chess.com INT"]
[Date "2022.07.12"]
[Round "1"]
[White "Tanenbaum, Zachary Chen"]
[Black "Girinath, PDS"]
[Result "1/2-1/2"]
[WhiteElo "2168"]
[BlackElo "2333"]
[PlyCount "75"]
[EventDate "2022.07.12"]
[EventType "swiss (blitz)"]
[EventRounds "11"]
[EventCountry "USA"]
[SourceTitle "EXT 2023"]
[Source "ChessBase"]
[SourceDate "2022.10.05"]
[SourceVersion "1"]
[SourceVersionDate "2022.10.05"]
[SourceQuality "1"]

1. e4 e6 2. d4 d5 3. Nc3 Bb4 4. exd5 exd5 5. Bd3 c5 6. dxc5 Nf6 7. Nf3 0-0 8. 0-0 Bg4 9. h3 Bh5 10. Bg5 Bxc3 11. bxc3 Nbd7 12. Be3 Ne4 13. c4 Nexc5 14. cxd5 Nxd3 15. Qxd3 Bxf3 16. gxf3 Re8 17. f4 Qh4 18. Kh2 Nf6 19. Rg1 Re4 20. Rg3 Rd8 21. c4 b5 22. Rag1 g6 23. cxb5 Rxd5 24. Qc3 Rxb5 25. Rg5 Rxg5 26. Rxg5 Rxf4 27. Bxf4 Qxf2+ 28. Rg2 Qxf4+ 29. Kg1 Ne4 30. Qe1 Ng5 31. Qg3 Qd4+ 32. Kh2 Ne4 33. Qf4 f5 34. Qxf5 Qd6+ 35. Kg1 Qd4+ 36. Kh2 Qd6+ 37. Kg1 Qd4+ 38. Kh2 1/2-1/2

[Event "Titled Tuesday intern op 14th Jun Early"]
[Site "Chess.com INT"]
[Date "2022.06.14"]
[Round "4"]
[White "Girinath, PDS"]
[Black "Korchmar, Vasiliy"]
[Result "0-1"]
[WhiteElo "2361"]
[BlackElo "2450"]
[PlyCount "48"]
[EventDate "2022.06.14"]
[EventType "swiss (blitz)"]
[EventRounds "11"]
[EventCountry "USA"]
[SourceTitle "EXT 2023"]
[Source "ChessBase"]
[SourceDate "2022.10.05"]
[SourceVersion "1"]
[SourceVersionDate "2022.10.05"]
[SourceQuality "1"]

1. e4 c5 2. Nf3 d6 3. Bb5+ Nd7 4. 0-0 a6 5. Bxd7+ Bxd7 6. d4 cxd4 7. Qxd4 Nf6 8. c4 Rc8 9. Nc3 e5 10. Qd3 h6 11. a4 Be7 12. a5 0-0 13. Be3 Bg4 14. Nd2 Nd7 15. b4 f5 16. exf5 Bxf5 17. Nde4 Kh8 18. Nd5 Nf6 19. Ndxf6 Rxf6 20. Rfd1 Rg6 21. f3 Qf8 22. Qd5 Be6 23. Qxb7 Qxf3 24. Ng3 Qxb7 0-1

[Event "Titled Tuesday intern op 14th Jun Early"]
[Site "Chess.com INT"]
[Date "2022.06.14"]
[Round "7"]
[White "Girinath, PDS"]
[Black "Toncheva, Nadya"]
[Result "1-0"]
[WhiteElo "2361"]
[BlackElo "2228"]
[PlyCount "87"]
[EventDate "2022.06.14"]
[EventType "swiss (blitz)"]
[EventRounds "11"]
[EventCountry "USA"]
[SourceTitle "EXT 2023"]
[Source "ChessBase"]
[SourceDate "2022.10.05"]
[SourceVersion "1"]
[SourceVersionDate "2022.10.05"]
[SourceQuality "1"]

1. e4 Nf6 2. e5 Nd5 3. d4 b5 4. Bxb5 c5 5. Bc4 Bb7 6. Nf3 e6 7. 0-0 Nb6 8. Be2 Be7 9. a4 a5 10. Nc3 0-0 11. Nb5 Nc6 12. dxc5 Bxc5 13. Nd6 Qc7 14. Nxb7 Qxb7 15. Bd3 h6 16. Qe2 Nd5 17. c3 f5 18. exf6 Rxf6 19. Qe4 Raf8 20. Qh7+ Kf7 21. Be4 Qb8 22. Bxd5 exd5 23. Qd3 Qd6 24. Nd4 Ne5 25. Qg3 Kg8 26. Be3 Rg6 27. Qh3 Ng4 28. Nb5 Qc6 29. Bxc5 Qxc5 30. Nd4 Rf4 31. Rad1 Qf8 32. Rd2 Rg5 33. Re2 Qf7 34. f3 Rh5 35. Qg3 Nxh2 36. Rfe1 Kh7 37. Re7 Qf6 38. Rxg7+ Qxg7 39. Qxf4 Nxf3+ 40. Nxf3 Rg5 41. Nxg5+ hxg5 42. Qf5+ Kh6 43. Re3 g4 44. Re5 1-0